000 00678nam a2200277Ia 4500
005 20260324142557.0
008 008 260324s9999 xx 000 0 eng d
020 _a9780429450907
037 _aEBOOK
040 _aCRL
040 _beng
040 _cCRL
041 _2eng
041 _aeng
084 _qCRL
100 _aShan Ling Li
_91212467
245 0 _aStrategic Investment Planning with Technology Choice in Manufacturing Systems
260 _bTaylor and Francis
260 _c1994
365 _a
365 _b105
856 _uhttp://www.taylorfrancis.com/books/9780429450907
942 _cEBOOK
999 _c1816807
_d1816807